| 000 | 005930000a22001930004500 | ||
|---|---|---|---|
| 999 |
_c60092 _d60092 |
||
| 001 | 768714001 | ||
| 003 | CO-MdFUSB | ||
| 005 | 20170725150916.0 | ||
| 008 | 170725s1995 ag ||||| |||| 00| 0 spa d | ||
| 022 | _a0122-2996 | ||
| 040 |
_aCO-MdFUSB _bspa _cCO-MdFUSB _dCO-MdFUSB |
||
| 041 | _aspa | ||
| 100 | 1 |
_aTamez, Elsa _eautor |
|
| 245 | 1 | 0 | _aHermenéutica contextual |
| 300 |
_aVolumen 27. Número 58 (1995), Páginas 69-72 _c22 cm. |
||
| 546 | _aTexto en español | ||
| 773 | 0 |
_tBoletín Teológico _049507 _961447 _gVolumen 27. Número 58 (1995), Páginas 69-72 _q Página 69 |
|
| 942 | _cANA | ||